Представление документа в формате RUSMARC

ПолеНазваниеЗначение
  Тип записи a
  Библиографический уровень m
001 Контрольный номер 690f13c49eb740b2a4f1baacfde29735
005 Дата корректировки 20170424123508.7
010 Индекс ISBN __
d Цена 56,46
101 Язык документа 0_
a Язык текста rus
102 Страна публикации __
a Страна публикации RU
200 Заглавие и сведения об ответственности 1_
f Первые сведения об ответственности И.В. Беспалова
b Общее обозначение материала Текст
a Заглавие Кредит и кредитная система Российской Федерации
e Сведения, относящиеся к заглавию учебно-методическое пособие для студентов СПО по направлению подготовки 38.02.07 "Банковское дело"
210 Выходные данные 1_
a Место издания Энгельс
c Издательство РИЦ ПКИ
d Дата издания 2016
215 Физическое описание __
a Объем 48 с.
610 Ключевые слова 0_
a Ключевые слова учебно-методическое пособие
a Ключевые слова кредит
a Ключевые слова кредитная система
a Ключевые слова банковское дело
a Ключевые слова тесты
a Ключевые слова контрольные работы
a Ключевые слова учебно-методическое пособие
a Ключевые слова практические занятия
a Ключевые слова СПО
686 Индексы других классификаций __
a Классификационный индекс 65.262.1
700 Автор _1
e Составитель
b Имя И.В.
a Фамилия Беспалова
801 Источник записи _0
a Страна RU
b Организация РУК
g Правила каталогизации PSBO
801 Источник записи _1
a Страна RU
b Организация РУК
g Правила каталогизации PSBO
852 Данные о местонахождении __
i Авторский знак К 79
j Шифр хранения ББК 65.262.1
901 Тип документа __
t Тип документа m
937 Технологическая информация __
a Создатель записи (имя) Михно
938 Служебная информация __
a Название организации Поволжский филиал
952 Тип литературы __
c Вид литературы учебно-методическое издание